00958cam a22002538a 450000500170000000800410001701000140005802000270007203500130009903700150011204000180012708200120014510000220015724500960017926000470027527000480032230000270037050000510039765000480044865000190049694200260051599900170054195201460055820080916184717.0080911s2008 ii 001 0 eng  aENG-91954 a9788184501223c1250.00 aEN-75487 bDBAD / PUB adplbEnglish  a364.954 aDogra, Shiv Kumar aCriminal justice administration in India /cby Shiv Kumar Dogara ; foreword by J.K. Chauhan aNew Delhi bDeep & Deep Publicationsc2009 aF-159, Rajouri Garden, bNew Delhi e110027 axvi,328p. c23cm (Hb)  aIncludes bibliographical references and index. aCriminal justice, Administration ofzIndia. aPolicezIndia. 2ddccENmDOGh364.954 c19371d19371 00102ddc40718NFICaDBADbDBADd2008-12-02eDBAD / PUBg1250.00l0o364.954 DOGpEN-75487r2008-12-02 00:00:00t1v1250.00w2008-12-02yEN